000 00870cab a2200253 4500
001 ABS47180
008 090401t1992 xxu||||| |||| 00| 0 eng d
035 _a(Sirsi) u60986
041 _aeng
100 _aAschehoug, O.
245 _aDaylight in glazed spaces
260 _c1992
350 _a0
490 _aBuilding Research and Information
_v20(4) July/August 1992, 242-245(4)
520 _aDiscussion of how window design can increase the daylight in atrium or long narrow streets. By placing large windows in the higher floors there is a greater reflection downwards of daylight so contributing to daylight levels at the lower floors.
650 _aARTIFICIAL SKY
650 _aATRIA
650 _aGLAZING
650 _aLIGHTING
650 _aNATURAL LIGHT
690 _aBUILT ENVIRONMENT-CONSTRUCTION DESIGN
942 _n0
948 _c04/03/1997
999 _c37710
_d37710